| 000 | 01237nam a22002415a 4500 | ||
|---|---|---|---|
| 999 |
_c22856 _d22828 |
||
| 005 | 20190509094056.0 | ||
| 008 | 161025t2015 njua frb 001 0 eng d | ||
| 020 | _a9781118712191 | ||
| 040 |
_aEG-ScBUE _beng _cEG-ScBUE _dEG-ScBUE |
||
| 082 | 0 | 4 |
_a006.60151 _bJAN _222 |
| 100 | 1 | _aJanke, Steven J. | |
| 245 | 1 | 0 |
_aMathematical structures for computer graphics / _cSteven J. Janke |
| 260 |
_aHoboken : _bJohn Wily & Sons, _cc.2015. |
||
| 300 |
_axv, 392 p. : _bill. ; _c25 cm. |
||
| 504 | _aIncludes bibliographical references and index. | ||
| 520 | _a"This book is for readers who wish to understand the mathematical tools that are necessary to produce three-dimensional models and the resulting screen images. Written by an academic with over 20 years of teaching experience, the intent of the book is to show relevant and focused mathematical derivations that help students understand computer graphics. Intuitive, rather than just theorem/proof discussions set the | ||
| 590 | _aSuzan Ashmawy and revised Rahma Essa. | ||
| 650 | 7 |
_aComputer graphics. _xMathematics. _2BUEsh |
|
| 650 | 7 |
_aThree-dimensional imaging _xMathematics. _2BUEsh |
|
| 651 | _2BUEsh | ||
| 653 |
_bCOMSCI _cOctober2016 _cNovember2016 _cMay2019 |
||
| 942 | _2ddc | ||